Etnografický atlas Slovenska - projekt druhej etapy práce

Podrobná bibliografia
Hlavný autor: Kovačevičová, Soňa, 1921-2009 (Autor, Zostavovateľ, kompilátor)
Médium: Kniha
Jazyk:slovenčina
Fyzický popis:119 s. ilustr., mp. 15 x 21 cm
Vydavateľské údaje: Bratislava Centrum Etnografického atlasu Slovenska 1975
Predmet:

MARC

LEADER 00000cam a2200000 a 4500
001 vtls001367325
003 SK-MaSNL
005 20260425222228.0
008 250312s1975 xo 000 0 slo
015 |a SNBA1975 
035 |a SNK000321013 
035 |a urn:nbn:sk:snk-am3hfoa 
035 |a 1630C24C-7914-47AB-B329-040CB28A8908 
035 |a urn:nbn:sk:snk-am00cyoc 
040 |a SNK  |b slo  |c SNK  |e AACR2 
041 0 |a slo 
044 |a xo  |c SK 
080 |a 39(437.6)  |2 1981 
080 |a 912(437.6)  |2 1981 
100 1 |a Kovačevičová, Soňa,  |d 1921-2009  |4 aut  |4 com  |9 132176 
245 1 0 |a Etnografický atlas Slovenska - projekt druhej etapy práce  |c zostavila Soňa Kovačevičová 
260 |a Bratislava  |b Centrum Etnografického atlasu Slovenska  |c 1975 
300 |a 119 s.  |b ilustr., mp.  |c 15 x 21 cm 
650 0 7 |a etnografia  |2 SNKPH  |9 950 
651 7 |a Slovensko  |2 SNKPH  |9 14231 
651 7 |a atlasy  |2 SNKPH  |9 293468 
651 7 |a projekty  |2 SNKPH  |9 293469 
655 7 |a monografie  |2 SNKPH  |9 70139 
852 |a Slovenská národná knižnica 
958 |a OND 
999 |c 549415  |d 551345 
952 |a SNK  |b SNK  |y PREZ  |7 0  |p 17A0759100  |o snkSE 6118  |0 0  |1 0  |4 0  |d 2011-11-09  |f 1  |l 0  |r 2026-02-23 13:05:47  |w 2026-02-23 
952 |t P60, <04>, [BOOK], {604}  |a SNK  |b SNK  |y VYP  |7 0  |p 17A0199756  |o snkSE 6118 D1  |0 0  |1 0  |4 0  |d 1999-07-06  |l 0  |r 2005-01-02 00:00:00  |w 2026-02-23